USA Hockey 26' Roster - Statistics

General Stats
  • This quiz has been taken 20 times
  • The average score is 15 of 25
Answer Stats
Position-Team-# Answer % Correct
F-Maple Leafs-34 Auston Matthews
90%
GK-Bruins-1 Jeremy Swayman
90%
F-Senators-7 Brady Tkachuk
80%
F-Devils-86 Jack Hughes
80%
F-Panthers-19 Matthew Tkachuk
80%
D-Wild-43 Quinn Hughes
80%
D-Bruins-25 Charlie McAvoy
70%
GK-Jets-37 Connor Hellebuyck
70%
GK-Stars-30 Jake Oettinger
70%
F-Jets-81 Kyle Connor
70%
F-Mammoth-91 Clayton Keller
60%
F-Red Wings-21 Dylan Larkin
60%
D-Canes-74 Jaccob Slavin
60%
F-Knights-9 Jack Eichel
60%
F-Wild-12 Matt Boldy
60%
F-Rangers-16 Vincent Trocheck
60%
D-Blue Jackets-8 Zach Werenski
60%
D-Wild-14 Brock Faber
50%
D-Senators-85 Jake Sanderson
50%
F-Rangers-10 J.T. Miller
50%
F-Sabres-72 Tage Thompson
50%
F-Lightning-59 Jake Guentzel
40%
F-Avalanche-29 Brock Nelson
20%
D-Ducks-2 Jackson LaCombe
20%
D-Knight-15 Noah Hanifin
10%
No matching quizzes found
Score Distribution
Percent of People with Each Score
Percentile by Number Answered
Your Score History
You have not taken this quiz